000 00903nam a22002777a 4500
005 20170123162333.0
010 _aA-521757
020 _c00.00
035 _aA-521757
037 _bCen Lib/Ret
040 _aDPL
_bUR
082 _a841.08
_bب ل و
100 _aجے آر پوری
_9108501
245 _aسے بھللے شاہ /
_cجے آر پوری اور تی آر شنگاری
246 _aSaye bhulle shah /
_bby J R. Puri [and] T R. Shengkari
260 _bرادھا سوامی ستسنگ
_c1978
_aبیاس
270 _bبیاس
300 _a489p.
_c21cm(Hb)
500 _aکتابیات شامل
650 _aادب -- اردو
_9140825
650 _aاردو نظم
_9140826
650 _aLiterature -- Urdu
_9140827
650 _aUrdu poetry
_9140828
700 _aتی آر شنگکاری
_9122741
942 _2ddc
_cUR
_h841.092
_mب ل و
999 _c107944
_d107944